| 000 | 00334nam a22001457a 4500 | ||
|---|---|---|---|
| 999 |
_c17319 _d17319 |
||
| 003 | ASAB | ||
| 005 | 20170410165920.0 | ||
| 008 | 150414t xxu||||| |||| 00| 0 eng d | ||
| 020 | _a978-81-7754-212-7 | ||
| 040 | _cASAB | ||
| 082 | _a639 | ||
| 245 |
_aBiodiversity principles and conservation _cby U. Kumar |
||
| 260 |
_aIndia. _bAgrobios _c2007 |
||
| 300 | _a283 p | ||
| 942 |
_2ddc _cBK |
||